| 000 | 00490nam a2200133 a 4500 | ||
|---|---|---|---|
| 008 | 120416s1970 ||||||||||||||||| || u | ||
| 050 | _aTK 7887.6 Sch | ||
| 100 | _aSchmid, Hermann | ||
| 245 | 1 | 0 | _aElectronic analog/digital conversions |
| 260 |
_aNew York _bVan Nostrand Reinhold _c1970 |
||
| 300 | _axi, 527p. | ||
| 350 | _a0.00 | ||
| 995 |
_D0.00 _FCBU-MAIN LIBRARY (Kitwe) _H1 _I11.15 _M1 _UAVAILABLE _ZMain Library Open Access Collection |
||
| 999 |
_c41523 _d41523 |
||